Historia del culto de María en Iberoamérica : y de sus imágenes y santuarios más celebrados /

Historia del culto y las apariciones de la Virgen María, dividida en dos volúmenes, que comprende una lista de las principales advocaciones y el culto que reciben en los países iberoamericanos.

Salvato in:
Dettagli Bibliografici
Autore principale: Vargas Ugarte, Rubén (autor)
Natura: Libro
Lingua:spagnolo
Pubblicazione: Madrid, España : editorial no identificada, 1956, c1956
Edizione:3a edición
Soggetti:
Tags: Aggiungi Tag
Nessun Tag, puoi essere il primo ad aggiungerne!!

MARC

LEADER 00000nam^a2200000^a^4500
001 000115353
005 20250521000000.0
009 20260310094050.211
037 |a Acervo ITESO - Biblioteca 
041 |a ESP 
082 |a 232. 917  |b VAR 
100 |a Vargas Ugarte, Rubén  |e (autor) 
245 1 0 |a Historia del culto de María en Iberoamérica :  |b y de sus imágenes y santuarios más celebrados /  |c R. Vargas Ugarte. 
250 |a 3a edición 
264 4 |a Madrid, España :  |b editorial no identificada,  |c 1956, c1956 
300 |a 2 v. 
336 |a texto  |b txt  |2 rdacontenido 
337 |a sin mediación  |b n  |2 rdamedio 
338 |a volumen  |b nc  |2 rdasoporte 
520 |a Historia del culto y las apariciones de la Virgen María, dividida en dos volúmenes, que comprende una lista de las principales advocaciones y el culto que reciben en los países iberoamericanos. 
649 |a XX 
650 |a Virgen María -  |z Latinoamérica -  |x Culto -  |x Historia 
650 |a Virgen María -  |x Apariciones y Milagros -  |x Historia 
650 |a Catolicismo -  |z Latinoamérica -  |x Historia 
650 |a Cristianismo -  |z Latinoamérica -  |x Historia 
650 |a Religión -  |z Latinoamérica -  |x Historia 
650 |a Sociología de la Religión 
650 |a América -  |x Historia -  |y Epoca Colonial 
650 |a Latinoamérica -  |x Historia 
910 |a Fondo Salvador Reynoso Reynoso 
920 |a Impresos - Libros 
930 |a Fondos Especiales 
905 |a 112 
901 |a 0800003180  |b IT2  |c ESP  |u 20250521 
901 |a 0800002916  |b IT2  |c ESP  |u 20250521 
902 |a https://opac.biblio.iteso.mx/vufind/Record/000115353